Culture Générale sur l'Histoire de l'Afrique - Statistiques

Statistiques générales
  • Ce quiz a été pris 75 fois
    52 depuis la dernière actualisation
  • Le résultat moyen est 2 sur 11
Statistiques - réponses
Hint Réponse % Correct
Vasco De Gama l'atteint en 1498 Cap de Bonne Espérance
56%
Anthropologue sénégalais qui émet l'idée que les Egyptiens anciens avaient des traits d'Africains de couleur noire Cheikh Anta Diop
51%
Il fonde l'Empire du Mali après sa victoire à Kirina en 1235 contre les Sosso Soundiata Keïta
26%
Profession d'Ibn Battûta Explorateur
23%
Pratique qui consiste à naviguer en longeant les côtes Cabotage
21%
1er Président du Ghana en 1957 après la décolonisation qui change le nom du pays (Gold Coast auparavant) Kwame Nkrumah
18%
Royaume christianisé dès le IVème siècle par Frumence de Tyr, également connu pour ses obélisques Aksoum
13%
Date précise de la chute de l'empire Songhaï, notamment à cause des guerres contre le Maroc 1591
10%
Il arrive en 1483 sur l''embouchure du fleuve Congo et établit les premiers contacts avec le royaume Kongo sous l'égide du Portugal Diogo Cão
10%
Nom de la révolte meurtrière d'esclaves africains contre le califat abbasside au 9ème siècle Révolte des Zandj
10%
Premier ManiKongo (roi) du Royaume Kongo à se convertir volontairement au catholicisme en 1491 après l'arrivée des Portugais João Ier
3%
Aucun quiz correspondant
Distribution des résultats
% des personnes avec chaque résultat
Percentile par nombre de réponses
Votre historique - résultats
Vous n’avez pas pris ce quiz depuis la dernière actualisation